Dôchodková reforma sa neskončila, zmeny ešte prídu

Dôchodková reforma na Slovensku ešte nie je ukončená, treba očakávať ďalšie zmeny. Úprava valorizácie dôchodkov. Valorizácia a inflácia. Odďaľovanie základného prvku reformy - sľubovaná plná zásluhovosť - dôvody. Problém prefinancovania prvého piliera reformy. Finančná stabilita druhého piliera je z...

Full description

Saved in:
Bibliographic Details
Main Author: Záborský, Ján
Format: Book Chapter
Language:Slovak
Subjects:
Tags: Add Tag
No Tags, Be the first to tag this record!

MARC

LEADER 00000naa$a2200000$$$4500
001 0031123
005 20231009081607.0
041 0 |a slo 
044 |a SK 
245 1 0 |a Dôchodková reforma sa neskončila, zmeny ešte prídu  |c Ján Záborský 
520 |a Dôchodková reforma na Slovensku ešte nie je ukončená, treba očakávať ďalšie zmeny. Úprava valorizácie dôchodkov. Valorizácia a inflácia. Odďaľovanie základného prvku reformy - sľubovaná plná zásluhovosť - dôvody. Problém prefinancovania prvého piliera reformy. Finančná stabilita druhého piliera je závislá od konštrukcie anuít (doživotné dôchodky). Trh s anuitami ešte na Slovensku neexistuje. Otázka presunu medzi fondami. Problémy DSS. 
610 2 0 |a reformy dôchodkové 
610 2 0 |a dôchodky starobné 
610 2 0 |a valorizácia 
610 2 0 |a inflácia 
610 2 0 |a financovanie 
610 2 0 |a fondy penzijné 
610 2 0 |a spoločnosti správcovské dôchodkové 
610 2 0 |a anuita 
610 2 0 |a Slovensko 
100 1 |a Záborský, Ján